000 00333nam a22001457a 4500
008 221025b ||||| |||| 00| 0 eng d
020 _a9780198528470
041 _aeng
080 _2THIRD EDITION
_a61
082 _a61 STR
100 _a4
101 _aMJEK
245 _aHEALTH MEASUREMENT SCALES
_cSTREINER D
942 _2udc
_cBK
999 _c58667
_d58667